[Event "POL-chT U20 2nd League"]
[Site "Szczyrk"]
[Date "2017.07.30"]
[Round "11.14"]
[White "Zylinski, Piotr"]
[Black "Karykowska, Anna"]
[Result "0-1"]
[WhiteElo "1577"]
[BlackElo "1838"]
[PlyCount "72"]
[EventDate "2017.07.22"]
[EventType "team-swiss"]
[EventRounds "11"]
[EventCountry "POL"]
[SourceTitle "EXT 2019"]
[Source "ChessBase"]
[SourceDate "2018.10.10"]
[SourceVersion "1"]
[SourceVersionDate "2018.10.10"]
[SourceQuality "1"]

1. f4 c5 2. Nf3 Nc6 3. g3 d5 4. Bg2 Bg4 5. 0-0 Qd7 6. b3 Bxf3 7. Bxf3 0-0-0 8. Bb2 h5 9. e3 h4 10. g4 h3 11. d4 e6 12. Qe2 f6 13. Nd2 Kb8 14. Rfd1 cxd4 15. exd4 Bd6 16. Qe3 Qc7 17. Qxe6 Bxf4 18. Qe2 Nh6 19. c4 Rhe8 20. Qf1 Be3+ 21. Kh1 Nxd4 22. cxd5 Qf4 23. Bxd4 Bxd4 24. Rac1 f5 25. g5 Qxg5 26. Nc4 Be3 27. Nxe3 Rxe3 28. Qc4 a6 29. Rg1 Ng4 30. Qc7+ Ka8 31. Bxg4 fxg4 32. Rc5 Rxd5 33. Rc6 Qd8 34. Qxd8+ Rxd8 35. Rg6 Rd2 36. Rxg7 Ree2 0-1

[Event "POL-chT U20 2nd League"]
[Site "Szczyrk"]
[Date "2017.07.29"]
[Round "10.44"]
[White "Ciasnocha, Michal"]
[Black "Zylinski, Piotr"]
[Result "1/2-1/2"]
[WhiteElo "1818"]
[BlackElo "1577"]
[PlyCount "61"]
[EventDate "2017.07.22"]
[EventType "team-swiss"]
[EventRounds "11"]
[EventCountry "POL"]
[SourceTitle "EXT 2019"]
[Source "ChessBase"]
[SourceDate "2018.10.10"]
[SourceVersion "1"]
[SourceVersionDate "2018.10.10"]
[SourceQuality "1"]

1. d4 d5 2. c4 Bf5 3. cxd5 Bxb1 4. Rxb1 Qxd5 5. Qa4+ Nc6 6. Nf3 0-0-0 7. e3 e5 8. Qc4 exd4 9. Qxd5 Rxd5 10. a3 dxe3 11. Bxe3 Ne5 12. Nxe5 Rxe5 13. Rc1 Nf6 14. Be2 a6 15. 0-0 Nd5 16. Bg4+ Kb8 17. Bd2 Be7 18. Bf3 Re8 19. Rc2 Bg5 20. Ba5 b6 21. Bc3 Nxc3 22. Rxc3 Re1 23. Rd3 Rxf1+ 24. Kxf1 Rd8 25. Rxd8+ Bxd8 26. Bc6 Bf6 27. b3 Kc8 28. a4 Bc3 29. Ke2 Kd8 30. Bb7 a5 31. Kd3 1/2-1/2

[Event "POL-chT U20 2nd League"]
[Site "Szczyrk"]
[Date "2017.07.28"]
[Round "9.67"]
[White "Zylinski, Piotr"]
[Black "Szydelko, Michal"]
[Result "1-0"]
[WhiteElo "1577"]
[BlackElo "1756"]
[PlyCount "49"]
[EventDate "2017.07.22"]
[EventType "team-swiss"]
[EventRounds "11"]
[EventCountry "POL"]
[SourceTitle "EXT 2019"]
[Source "ChessBase"]
[SourceDate "2018.10.10"]
[SourceVersion "1"]
[SourceVersionDate "2018.10.10"]
[SourceQuality "1"]

1. f4 Nf6 2. Nf3 e6 3. g3 c5 4. Bg2 Be7 5. 0-0 0-0 6. d3 d6 7. e4 Nc6 8. Nc3 a6 9. Kh1 Qc7 10. Qe2 Re8 11. Be3 Rb8 12. h3 Bf8 13. g4 Nd7 14. Rae1 g6 15. Qf2 Bg7 16. f5 Nf8 17. Nh4 f6 18. g5 exf5 19. exf5 fxg5 20. f6 Bxf6 21. Nd5 Qf7 22. Nxf6+ Kh8 23. Nxe8 Qxf2 24. Rxf2 Ne6 25. Bxg5 1-0

[Event "POL-chT U20 2nd League"]
[Site "Szczyrk"]
[Date "2017.07.24"]
[Round "3.44"]
[White "Tustanowski, Mateusz"]
[Black "Zylinski, Piotr"]
[Result "1-0"]
[WhiteElo "1916"]
[BlackElo "1577"]
[PlyCount "59"]
[EventDate "2017.07.22"]
[EventType "team-swiss"]
[EventRounds "11"]
[EventCountry "POL"]
[SourceTitle "EXT 2019"]
[Source "ChessBase"]
[SourceDate "2018.10.10"]
[SourceVersion "1"]
[SourceVersionDate "2018.10.10"]
[SourceQuality "1"]

1. e4 Nf6 2. e5 Nd5 3. d4 d6 4. c4 Nb6 5. exd6 exd6 6. Nc3 Be7 7. Bd3 Nc6 8. Be3 d5 9. c5 Nc4 10. Bxc4 dxc4 11. Nge2 0-0 12. Qa4 Be6 13. d5 Ne5 14. dxe6 Nd3+ 15. Kf1 fxe6 16. Qxc4 Bg5 17. Rd1 Nxf2 18. Rxd8 Raxd8 19. Bxf2 Rf6 20. g3 Rdf8 21. Ne4 Rf5 22. Nxg5 Rxg5 23. Qxe6+ Kh8 24. Kg2 Rgf5 25. Bd4 b6 26. cxb6 axb6 27. Nf4 c5 28. Re1 Rg5 29. Qe7 Rgf5 30. Qxg7# 1-0

[Event "POL-chT U20 2nd League"]
[Site "Szczyrk"]
[Date "2017.07.24"]
[Round "4.73"]
[White "Zylinski, Piotr"]
[Black "Andrzejewska, Maja"]
[Result "1-0"]
[WhiteElo "1577"]
[BlackElo "1354"]
[PlyCount "68"]
[EventDate "2017.07.22"]
[EventType "team-swiss"]
[EventRounds "11"]
[EventCountry "POL"]
[SourceTitle "EXT 2019"]
[Source "ChessBase"]
[SourceDate "2018.10.10"]
[SourceVersion "1"]
[SourceVersionDate "2018.10.10"]
[SourceQuality "1"]

1. d4 d5 2. Nf3 Bf5 3. e3 e6 4. Bd3 Be4 5. 0-0 Nd7 6. b3 g6 7. Bb2 Bg7 8. Ne5 Bxd3 9. Qxd3 Ne7 10. Nd2 0-0 11. f4 f6 12. Nxd7 Qxd7 13. Ba3 Rf7 14. c4 Rd8 15. Rac1 e5 16. fxe5 fxe5 17. Rxf7 Kxf7 18. Bxe7 Kxe7 19. cxd5 Qxd5 20. Rxc7+ Rd7 21. Rxd7+ Kxd7 22. Kf1 exd4 23. Nf3 Kd6 24. exd4 Qf5 25. Qd2 b6 26. Qb4+ Kd5 27. Qc4+ Kd6 28. Kf2 Bh6 29. Qg8 g5 30. h3 Kc6 31. Qa8+ Kb5 32. Qxa7 Kc6 33. Qa4+ b5 34. Qa6+ Kd5 1-0

[Event "POL-chT U20 2nd League"]
[Site "Szczyrk"]
[Date "2017.07.22"]
[Round "1.50"]
[White "Sloniewski, Michal"]
[Black "Zylinski, Piotr"]
[Result "1-0"]
[WhiteElo "1682"]
[BlackElo "1577"]
[PlyCount "113"]
[EventDate "2017.07.22"]
[EventType "team-swiss"]
[EventRounds "11"]
[EventCountry "POL"]
[SourceTitle "EXT 2019"]
[Source "ChessBase"]
[SourceDate "2018.10.10"]
[SourceVersion "1"]
[SourceVersionDate "2018.10.10"]
[SourceQuality "1"]

1. d4 d5 2. c4 Bf5 3. cxd5 Nf6 4. Nc3 Nxd5 5. Qb3 e6 6. Nxd5 Qxd5 7. Qxd5 exd5 8. Bf4 Nc6 9. Nf3 Bb4+ 10. Bd2 f6 11. Rc1 Kd7 12. Bxb4 Nxb4 13. a3 Nc6 14. e3 a6 15. Kd2 Rhe8 16. Bd3 Bxd3 17. Kxd3 Na5 18. Rc5 Nc6 19. Rxd5+ Ke7 20. Rc1 Rad8 21. Rh5 h6 22. Rhc5 Rd7 23. b4 Rb8 24. R1c4 g5 25. h3 h5 26. g4 hxg4 27. hxg4 Rh8 28. Ke2 Rh1 29. d5 Ne5 30. Nxe5 fxe5 31. Rxc7 Ra1 32. Rxd7+ Kxd7 33. Rc3 e4 34. Rc4 Ra2+ 35. Kf1 Rxa3 36. Rxe4 Kd6 37. Re6+ Kxd5 38. Rb6 Ra4 39. Rxb7 Ke5 40. Kg2 Ra2 41. Kf3 Ra3 42. Rc7 Ra4 43. Rc5+ Kf6 44. Ra5 Rxb4 45. Rxa6+ Kf7 46. Rd6 Rb2 47. Kg3 Rb3 48. Kf3 Rb2 49. Ra6 Rc2 50. Ra3 Kg6 51. Kg3 Rc1 52. f4 gxf4+ 53. exf4 Rg1+ 54. Kf3 Rf1+ 55. Kg3 Rg1+ 56. Kh3 Rh1+ 57. Kg2 1-0

[Event "Polanica Zdroj op-C 52nd"]
[Site "Polanica Zdroj"]
[Date "2016.08.28"]
[Round "3"]
[White "Musial, Tomasz"]
[Black "Zylinski, Piotr"]
[Result "1/2-1/2"]
[WhiteElo "1832"]
[BlackElo "1577"]
[PlyCount "61"]
[EventDate "2016.08.20"]
[EventType "swiss"]
[EventRounds "9"]
[EventCountry "POL"]
[SourceTitle "CBM 174 Extra"]
[Source "ChessBase"]
[SourceDate "2016.10.10"]
[SourceVersion "1"]
[SourceVersionDate "2016.10.10"]
[SourceQuality "1"]

1. e4 Nf6 2. e5 Nd5 3. d4 d6 4. c4 Nb6 5. exd6 cxd6 6. Nc3 g6 7. Be3 Bg7 8. Rc1 0-0 9. b3 Bf5 10. Nf3 Nc6 11. d5 Ne5 12. Nxe5 Bxe5 13. f4 Bg7 14. Bd4 Bh6 15. g3 e5 16. fxe5 Bxc1 17. Qxc1 dxe5 18. Bc5 Re8 19. Nb5 Rc8 20. Qe3 Rxc5 21. Qxc5 Be4 22. Rg1 Qg5 23. Nd6 Nd7 24. Qxa7 b6 25. Be2 Qe3 26. Kf1 Bd3 27. Bxd3 Qxd3+ 28. Kf2 Qd2+ 29. Kf1 Qd1+ 30. Kf2 Qd2+ 31. Kf1 1/2-1/2

[Event "POL-chT U19 2nd League"]
[Site "Iwonicz"]
[Date "2016.07.31"]
[Round "1.37"]
[White "Klementowski, Dawid"]
[Black "Zylinski, Piotr"]
[Result "1-0"]
[WhiteElo "2000"]
[BlackElo "1577"]
[PlyCount "87"]
[EventDate "2016.07.23"]
[EventType "team-swiss"]
[EventRounds "11"]
[EventCountry "POL"]
[SourceTitle "EXT 2019"]
[Source "ChessBase"]
[SourceDate "2018.10.10"]
[SourceVersion "1"]
[SourceVersionDate "2018.10.10"]
[SourceQuality "1"]
[WhiteTeam "Rybnik MKSz U19 II"]
[BlackTeam "Rydultowy Ognisko U19 II"]
[WhiteTeamCountry "POL"]
[BlackTeamCountry "POL"]

1. e4 c6 2. d4 d5 3. exd5 cxd5 4. Bd3 Nc6 5. c3 Qc7 6. Ne2 Bg4 7. f3 Bh5 8. Bf4 e5 9. dxe5 Qb6 10. Qb3 Bc5 11. Qxb6 Bxb6 12. Na3 a6 13. 0-0-0 Nge7 14. Rhe1 Rc8 15. Nc2 0-0 16. Kb1 Rfe8 17. g4 Bg6 18. Bg3 Rcd8 19. Ned4 Nxd4 20. Nxd4 Nc6 21. f4 Bxd3+ 22. Rxd3 Nxd4 23. cxd4 Rd7 24. Rc1 Kf8 25. Be1 f6 26. Bb4+ Kf7 27. Bd6 Kg6 28. Rcc3 h5 29. h3 hxg4 30. hxg4 Rh8 31. Bc5 Ba5 32. b4 Bd8 33. Rh3 Rxh3 34. Rxh3 b6 35. Bd6 Bc7 36. Rh5 f5 37. Rg5+ Kh6 38. Rxf5 Bxd6 39. Rh5+ Kg6 40. f5+ Kf7 41. e6+ Ke7 42. exd7 Kxd7 43. Rh7 Bf8 44. f6 1-0

[Event "POL-chT U19 2nd League"]
[Site "Iwonicz"]
[Date "2016.07.31"]
[Round "5.79"]
[White "Tokarz, Krzysztof"]
[Black "Zylinski, Piotr"]
[Result "1-0"]
[WhiteElo "1637"]
[BlackElo "1577"]
[PlyCount "119"]
[EventDate "2016.07.23"]
[EventType "team-swiss"]
[EventRounds "11"]
[EventCountry "POL"]
[SourceTitle "EXT 2019"]
[Source "ChessBase"]
[SourceDate "2018.10.10"]
[SourceVersion "1"]
[SourceVersionDate "2018.10.10"]
[SourceQuality "1"]
[WhiteTeam "Wroclaw MUKS MDK Srodmiescie U19 II"]
[BlackTeam "Rydultowy Ognisko U19 II"]
[WhiteTeamCountry "POL"]
[BlackTeamCountry "POL"]

1. Nf3 d5 2. d4 Bf5 3. e3 e6 4. c4 c6 5. Nc3 Nd7 6. Bd3 Ne7 7. 0-0 Bxd3 8. Qxd3 Nf5 9. cxd5 cxd5 10. Nxd5 Bd6 11. Bd2 0-0 12. Nc3 Rc8 13. Rac1 a6 14. a3 Re8 15. Ne4 Bb8 16. Rxc8 Qxc8 17. Rc1 Qd8 18. Bc3 Ne7 19. Qd1 Nd5 20. Qb3 b5 21. Bb4 N7b6 22. Ba5 Qe7 23. Bxb6 Nxb6 24. Nc5 Qa7 25. Nd3 Qb7 26. Qd1 Bd6 27. Nd2 e5 28. dxe5 Bxe5 29. Nxe5 Rxe5 30. e4 h6 31. Qc2 Nc4 32. Nxc4 bxc4 33. f3 Qb6+ 34. Kf1 Qb5 35. a4 Qb8 36. Qxc4 Qxb2 37. Qc3 Qxc3 38. Rxc3 Re6 39. g4 Kf8 40. Ke2 Rd6 41. Ke3 Ke7 42. f4 g6 43. Rc7+ Ke6 44. a5 Rd1 45. Rc6+ Kd7 46. Rxa6 Ra1 47. Kd3 Rg1 48. Ra7+ Kc6 49. Rxf7 Rxg4 50. a6 Rg1 51. a7 Ra1 52. Rf6+ Kc5 53. Rxg6 Rxa7 54. Rxh6 Ra3+ 55. Ke2 Kd4 56. Re6 Rh3 57. f5 Rxh2+ 58. Kf3 Rh8 59. f6 Rf8 60. Kf4 1-0

[Event "POL-chT U19 2nd League"]
[Site "Iwonicz"]
[Date "2016.07.31"]
[Round "3.79"]
[White "Zylinski, Piotr"]
[Black "Hladun, Bartlomiej"]
[Result "1-0"]
[WhiteElo "1577"]
[BlackElo "1469"]
[PlyCount "119"]
[EventDate "2016.07.23"]
[EventType "team-swiss"]
[EventRounds "11"]
[EventCountry "POL"]
[SourceTitle "EXT 2019"]
[Source "ChessBase"]
[SourceDate "2018.10.10"]
[SourceVersion "1"]
[SourceVersionDate "2018.10.10"]
[SourceQuality "1"]
[WhiteTeam "Rydultowy Ognisko U19 II"]
[BlackTeam "Gdynia MDK U19"]
[WhiteTeamCountry "POL"]
[BlackTeamCountry "POL"]

1. d4 c6 2. Nf3 d5 3. Bf4 Nf6 4. e3 Bf5 5. Nbd2 e6 6. Be2 Nbd7 7. Ne5 Be7 8. c3 a6 9. h4 h5 10. Bg5 Nxe5 11. dxe5 Ng4 12. Bf4 Bxh4 13. g3 g5 14. gxh4 gxf4 15. exf4 Qb6 16. Bxg4 Bxg4 17. Qb3 Qxb3 18. Nxb3 b6 19. Rg1 Ke7 20. Kd2 Rhg8 21. Rg3 Rg6 22. Rag1 c5 23. Ke3 Rc8 24. f3 Bf5 25. Rg5 Rcg8 26. Rc1 Rh8 27. a4 a5 28. Nd2 f6 29. Rxg6 Bxg6 30. Rg1 Rg8 31. Nb1 Kf7 32. Na3 Rd8 33. Rd1 Rb8 34. Rg1 Rd8 35. Nb5 fxe5 36. fxe5 d4+ 37. cxd4 Bc2 38. Nd6+ Kf8 39. Rg5 cxd4+ 40. Kxd4 Bxa4 41. Rxh5 Bd1 42. Rh8+ Ke7 43. Rxd8 Kxd8 44. f4 Bg4 45. Nc4 Kc7 46. Ne3 Bh5 47. f5 exf5 48. Nxf5 Kd7 49. Ng7 Bg6 50. h5 Bh7 51. e6+ Kd6 52. Kc4 Ke7 53. Kb5 Bc2 54. h6 Kf6 55. Kxb6 a4 56. Kc5 Bb3 57. Kd6 a3 58. bxa3 Ba4 59. e7 Kf7 60. e8Q+ 1-0

[Event "POL-chT U19 2nd League"]
[Site "Iwonicz"]
[Date "2016.07.31"]
[Round "4.67"]
[White "Zylinski, Piotr"]
[Black "Mrozowski, Patryk"]
[Result "0-1"]
[WhiteElo "1577"]
[BlackElo "1901"]
[PlyCount "80"]
[EventDate "2016.07.23"]
[EventType "team-swiss"]
[EventRounds "11"]
[EventCountry "POL"]
[SourceTitle "EXT 2019"]
[Source "ChessBase"]
[SourceDate "2018.10.10"]
[SourceVersion "1"]
[SourceVersionDate "2018.10.10"]
[SourceQuality "1"]
[WhiteTeam "Rydultowy Ognisko U19 II"]
[BlackTeam "Krosno KKSz Urania U19"]
[WhiteTeamCountry "POL"]
[BlackTeamCountry "POL"]

1. e4 c5 2. Nc3 d6 3. g3 g6 4. Bg2 Bg7 5. d3 e6 6. Be3 Ne7 7. Qc1 h5 8. Nge2 Nbc6 9. 0-0 h4 10. f4 e5 11. fxe5 hxg3 12. hxg3 Nxe5 13. Bf4 Bg4 14. Bxe5 Bxe5 15. Kf2 Qd7 16. Rh1 0-0-0 17. Qd2 Nc6 18. Raf1 Nd4 19. Nxd4 Bxd4+ 20. Ke1 Qe6 21. b3 Be5 22. Ne2 Kb8 23. Nf4 Qd7 24. Bf3 Bxf3 25. Rxh8 Rxh8 26. Rxf3 Qg4 27. Qg2 Bc3+ 28. Ke2 f5 29. Kf1 fxe4 30. dxe4 Be5 31. Nd5 Qxe4 32. Re3 Rh1+ 33. Kf2 Qxc2+ 34. Re2 Qf5+ 35. Nf4 Rh8 36. Qd5 g5 37. Qe6 Rf8 38. Kg2 gxf4 39. Qxf5 Rxf5 40. gxf4 Rxf4 0-1

[Event "POL-chT U19 2nd League"]
[Site "Iwonicz"]
[Date "2016.07.31"]
[Round "8.55"]
[White "Zylinski, Piotr"]
[Black "Zarnowski, Krzysztof"]
[Result "0-1"]
[WhiteElo "1577"]
[BlackElo "2034"]
[PlyCount "100"]
[EventDate "2016.07.23"]
[EventType "team-swiss"]
[EventRounds "11"]
[EventCountry "POL"]
[SourceTitle "EXT 2019"]
[Source "ChessBase"]
[SourceDate "2018.10.10"]
[SourceVersion "1"]
[SourceVersionDate "2018.10.10"]
[SourceQuality "1"]
[WhiteTeam "Rydultowy Ognisko U19 II"]
[BlackTeam "Brzozow UKS SP 1 U19"]
[WhiteTeamCountry "POL"]
[BlackTeamCountry "POL"]

1. d4 Nf6 2. Nf3 c5 3. e3 e6 4. Bd3 d5 5. b3 Nc6 6. 0-0 Bd6 7. Bb2 Qe7 8. Ne5 0-0 9. f4 cxd4 10. exd4 Nb4 11. Be2 Ne4 12. a3 Nc6 13. Nd2 f6 14. Nd3 b6 15. Bf3 f5 16. Ne5 Bb7 17. Be2 g5 18. fxg5 Nxe5 19. Nxe4 dxe4 20. dxe5 Bc5+ 21. Kh1 Qxg5 22. Qd7 Bd5 23. b4 Rf7 24. Qa4 Rg7 25. g3 Be3 26. c4 f4 27. Rxf4 Bxf4 28. cxd5 exd5 29. Qc6 Rd8 30. Qe6+ Kh8 31. Qf6 Be3 32. Rf1 d4 33. Bc4 h6 34. e6 Qxf6 35. Rxf6 Rc7 36. Bb3 Kg7 37. Rf5 Bg5 38. h4 Bf6 39. Kg2 e3 40. Kf3 Rd6 41. a4 Re7 42. g4 Bxh4 43. b5 Bf6 44. Ba3 Rdxe6 45. Bxe7 Rxe7 46. Bc4 Rc7 47. Bd3 Rc3 48. Ke4 e2 49. Bxe2 Re3+ 50. Kd5 Rxe2 0-1

[Event "POL-chT U19 2nd League"]
[Site "Iwonicz"]
[Date "2015.08.01"]
[Round "9.43"]
[White "Kowalec, Maciej"]
[Black "Zylinski, Piotr"]
[Result "1-0"]
[WhiteElo "2112"]
[BlackElo "1392"]
[PlyCount "101"]
[EventDate "2015.07.25"]
[EventType "team-swiss"]
[EventRounds "11"]
[EventCountry "POL"]
[SourceTitle "EXT 2019"]
[Source "ChessBase"]
[SourceDate "2018.10.10"]
[SourceVersion "1"]
[SourceVersionDate "2018.10.10"]
[SourceQuality "1"]
[WhiteTeam "Minsk Mazowiecki MTSz U19"]
[BlackTeam "Rydultowy Ognisko U19 II"]
[WhiteTeamCountry "POL"]
[BlackTeamCountry "POL"]

1. Nf3 Nf6 2. d4 d5 3. e3 e6 4. Bd3 c5 5. b3 Nc6 6. Bb2 Qc7 7. a3 Bd6 8. 0-0 0-0 9. c4 dxc4 10. bxc4 h6 11. Nc3 b6 12. Nb5 Qe7 13. d5 exd5 14. cxd5 Be5 15. Nxe5 Nxe5 16. d6 Qd7 17. Bxe5 a6 18. Nc3 Qe6 19. Bxf6 Qxf6 20. Be4 Ra7 21. Qc2 Rd8 22. Bf3 Qxd6 23. Rfd1 Qf6 24. Nd5 Qd6 25. Nb4 Qf6 26. Nd5 Qd6 27. Rab1 b5 28. Nb4 Qf6 29. Rxd8+ Qxd8 30. Nc6 Qb6 31. Nxa7 Qxa7 32. Rd1 Qe7 33. Qd3 Be6 34. Qd8+ Qxd8 35. Rxd8+ Kh7 36. Ra8 c4 37. Rxa6 c3 38. Rc6 Bc4 39. Bd1 g6 40. a4 Kg7 41. axb5 Bxb5 42. Rxc3 Bd7 43. Bb3 Kf6 44. Rc7 Be8 45. f4 g5 46. g3 Kg7 47. e4 Kf6 48. Kf2 Kg7 49. Ke3 Kg6 50. Bxf7+ Bxf7 51. Rxf7 1-0

[Event "POL-chT U19 2nd League"]
[Site "Iwonicz"]
[Date "2015.08.01"]
[Round "1.49"]
[White "Paziak, Patryk"]
[Black "Zylinski, Piotr"]
[Result "1/2-1/2"]
[WhiteElo "1687"]
[BlackElo "1392"]
[PlyCount "81"]
[EventDate "2015.07.25"]
[EventType "team-swiss"]
[EventRounds "11"]
[EventCountry "POL"]
[SourceTitle "EXT 2019"]
[Source "ChessBase"]
[SourceDate "2018.10.10"]
[SourceVersion "1"]
[SourceVersionDate "2018.10.10"]
[SourceQuality "1"]
[WhiteTeam "Gdansk Korona U19"]
[BlackTeam "Rydultowy Ognisko U19 II"]
[WhiteTeamCountry "POL"]
[BlackTeamCountry "POL"]

1. e4 Nf6 2. e5 Nd5 3. Nc3 Nxc3 4. dxc3 Nc6 5. Nf3 g6 6. Bd3 Bg7 7. Qe2 d6 8. Bf4 0-0 9. h3 dxe5 10. Nxe5 Qd6 11. Nxc6 Qxc6 12. 0-0 Be6 13. Rad1 Qb6 14. b3 Bxc3 15. Bc4 Bxc4 16. Qxc4 Qf6 17. Rd7 Rac8 18. Rfd1 Be5 19. Bxe5 Qxe5 20. Qb4 b6 21. Rxe7 Qf6 22. Rdd7 a5 23. Qc4 c5 24. a4 Rce8 25. Qe4 Rxe7 26. Qxe7 Qf4 27. Rd1 Qf5 28. Qe2 Qf6 29. Rd3 Rd8 30. Qd1 Rxd3 31. Qxd3 Qe5 32. Qd8+ Kg7 33. Qxb6 Qe1+ 34. Kh2 Qxf2 35. Qxa5 Qf4+ 36. Kg1 Qc1+ 37. Kh2 Qf4+ 38. Kg1 Qc1+ 39. Kh2 Qf4+ 40. Kg1 Qc1+ 41. Kh2 1/2-1/2

[Event "POL Region-ch U13"]
[Site "Szczyrk"]
[Date "2012.10.21"]
[Round "3.8"]
[White "Zylinski, Piotr"]
[Black "Klepek, Witold"]
[Result "0-1"]
[WhiteElo "1425"]
[BlackElo "1707"]
[PlyCount "64"]
[EventDate "2012.10.14"]
[EventType "swiss"]
[EventRounds "9"]
[EventCountry "POL"]
[SourceTitle "EXT 2023"]
[Source "ChessBase"]
[SourceDate "2022.10.05"]
[SourceVersion "1"]
[SourceVersionDate "2022.10.05"]
[SourceQuality "1"]

1. e4 c5 2. Nc3 d6 3. g3 g6 4. Bg2 Bg7 5. d3 Nf6 6. h3 0-0 7. Be3 Nc6 8. Qd2 Re8 9. f4 Rb8 10. Nf3 b5 11. Ne2 Nd7 12. g4 e5 13. f5 Nd4 14. Nexd4 exd4 15. Bf4 Ne5 16. 0-0-0 b4 17. Bh6 Bh8 18. Nxe5 Bxe5 19. Bf4 Qa5 20. Kb1 Rb6 21. Qc1 Ra6 22. c4 Qxa2+ 23. Kc2 b3+ 24. Kd2 Bxf4+ 25. Ke2 Bxc1 26. Rxc1 Qxb2+ 27. Kf3 Ra2 28. Kf4 Qd2+ 29. Kg3 Qxg2+ 30. Kh4 Qf2+ 31. Kg5 h6+ 32. Kxh6 Qh4# 0-1